Miestne dane v roku 2009
Právna úprava miestnych daní mimo dane z nehnuteľnosti, zmeny vyplývajúce z poslednej novely.
Saved in:
| Main Author: | |
|---|---|
| Format: | Book Chapter |
| Language: | Slovak |
| Subjects: | |
| Tags: |
No Tags, Be the first to tag this record!
|
MARC
| LEADER | 00000naa$a2200000$$$4500 | ||
|---|---|---|---|
| 001 | 0089554 | ||
| 005 | 20231106074107.2 | ||
| 041 | 0 | |a slo | |
| 044 | |a SK | ||
| 245 | 1 | 0 | |a Miestne dane v roku 2009 |c Soňa Mezeiová |
| 520 | |a Právna úprava miestnych daní mimo dane z nehnuteľnosti, zmeny vyplývajúce z poslednej novely. | ||
| 610 | 2 | 0 | |a dane miestne |
| 610 | 2 | 0 | |a poplatky miestne |
| 610 | 2 | 0 | |a zákony |
| 610 | 2 | 0 | |a novelizácia |
| 610 | 2 | 0 | |a Slovensko |
| 100 | 1 | |a Mezeiová, Soňa | |